000 00638nam a22001817a 4500
003 UA-OsUOA
001 7179
007 ta
008 20040613b un ||||| |||| 00| 0 ukr d
100 _aМазур Я.І.
942 _cSA
040 _aUA-OsUOA
_cUA-OsUOA
_dUA-OsUOA
245 _aСеляни навчились працювати в нових умовах
_bІнтерв'ю з головою Остроз. райдержадміністрації Я.І.Мазуром
300 _aС.2
955 _a0
773 0 _w0
_tВільне слово
_dРівне
_d2004
_g№40/2 черв./
650 7 _aВиконавча влада
_2UDC
999 _c293340
_d293340